000 00646cam a22002053a 4500
001 40556
003 PGUSA
005 20140828083915.0
008 120822s2012||||xxu|||||s|||||000 | eng d
040 _aPGUSA
_beng
042 _adc
100 1 _aMackintosh, Charles Henry,
_d1820-1896
245 1 4 _aThe Lord's Coming :
_bMiscellaneous Writings of C. H. Mackintosh, volume II
_h[electronic resource] /
_cCharles Henry Mackintosh
260 _bProject Gutenberg,
_c2012
506 _aPublic domain in the USA.
516 _aElectronic text
830 0 _aProject Gutenberg
_v40556
856 4 0 _uhttp://www.gutenberg.org/ebooks/40556
942 _cEB
999 _c269809
_d269809